00503nam a2200193 a 4500001001300000003000900013005001700022008004100039020002200080082001700102100001900119245004200138260003200180300001000212500003500222505001000257650002300267700001900290nice12345678IN_TiNIC20260116013903.0050524s1994 newa grp 000 0 eng  a0061968 c9500a297.122bCLE aCleary, Thomas aEssential Koranb the Heart of Islam. aNew York bHarperone c1994 a203p. aincludes index and biblioraphy2 aIndex aQuran-Appreciation1 aCleary, Thomas